Textual agency: how texts do things in organizational settings (Record no. 60611)
[ view plain ]
| 000 -LEADER | |
|---|---|
| fixed length control field | 01518pab a2200157 454500 |
| 008 - FIXED-LENGTH DATA ELEMENTS--GENERAL INFORMATION | |
| fixed length control field | 180718b2004 xxu||||| |||| 00| 0 eng d |
| 100 ## - MAIN ENTRY--PERSONAL NAME | |
| Personal name | Cooren, Francois |
| 245 ## - TITLE STATEMENT | |
| Title | Textual agency: how texts do things in organizational settings |
| 260 ## - PUBLICATION, DISTRIBUTION, ETC. | |
| Date of publication, distribution, etc. | 2004 |
| 300 ## - PHYSICAL DESCRIPTION | |
| Extent | p.373-93. |
| 362 ## - DATES OF PUBLICATION AND/OR SEQUENTIAL DESIGNATION | |
| Dates of publication and/or sequential designation | May |
| 520 ## - SUMMARY, ETC. | |
| Summary, etc. | Research on organizational discourse typically reduces it to what members do when producing and using texts in organizational contexts, but fails to recognize that texts, on their own, also seem to make a difference. This essay shows that one way to approach discourse is to analyze the active contribution of texts (especially , but not only, documents) to organizational processes, that is, to what extent texts such as reports, contracts, memos, signs, or work orders can be said to be performing something. After reviewing what other scholars have been saying on the question of textual agency, I show how it is possible to ascribe to texts the capacity of doing something without falling into some modern form of animism. Having done that, I explore systematically the different types of action that texts can be said to be performing by taking up Searle's well-known classification of speech acts. This review then leads me to address questions related to the constitution of organizations, that is, to what extent this reflection on textual agency enables us to redefine the mode of being of organizational forms. - Reproduced. |
| 650 ## - SUBJECT ADDED ENTRY--TOPICAL TERM | |
| Topical term or geographic name entry element | Organizations |
| 773 ## - HOST ITEM ENTRY | |
| Main entry heading | Organization |
| 909 ## - | |
| -- | 60611 |
| Withdrawn status | Lost status | Damaged status | Not for loan | Permanent Location | Current Location | Date acquired | Serial Enumeration / chronology | Barcode | Date last seen | Price effective from | Koha item type |
|---|---|---|---|---|---|---|---|---|---|---|---|
| Indian Institute of Public Administration | Indian Institute of Public Administration | 2018-07-19 | Volume no: 11, Issue no: 3 | AR61057 | 2018-07-19 | 2018-07-19 | Articles |
